000 00842nmm a2200253 a 4500
001 ocm000701202
003 TR-IsHL
005 20201028135120.0
008 131203s1970 tu tur
007 cr cn
035 _a701202
_b(N$T)
050 0 4 _aKKX3544
_b.F46 1970
090 0 4 _aKKX3544
_b.F46 1970
245 1 0 _aFinansman Kanunu ve tebliğleri
_h[electronic resource] /
_cİstanbul Ticaret Odası
260 _aİstanbul :
_bİstanbul Ticaret Odası,
_c1970
300 _a190 p.
650 4 _aHukuk
650 4 _aLaw
650 0 _aMaliye
_x Yasa ve yasama
_x Türkiye
650 0 _aFinance
_x Law and legislation
_x Turkey
650 7 _aBUSINESS & ECONOMICS / Finance
_2bisacsh
700 1 _aİstanbul Ticaret Odası
856 4 0 _uhttp://search.ebscohost.com/login.aspx?direct=true&scope=site&db=e011xww&AN=701202
999 _c6565
_d6565